[Event "Titled Tuesday intern op 10th Oct Early"]
[Site "Chess.com INT"]
[Date "2023.10.10"]
[Round "2"]
[White "Jaracz, Pawel"]
[Black "Passen, Brett"]
[Result "1-0"]
[WhiteElo "2472"]
[BlackElo "1909"]
[PlyCount "59"]
[EventDate "2023.10.10"]
[EventType "swiss (blitz)"]
[EventRounds "11"]
[EventCountry "USA"]
[SourceTitle "EXT 2025"]
[Source "ChessBase"]
[SourceDate "2024.10.14"]
[SourceVersion "1"]
[SourceVersionDate "2024.10.14"]
[SourceQuality "1"]

1. d4 Nf6 2. c4 e6 3. Nc3 Bb4 4. e3 0-0 5. Nge2 c6 6. c5 d5 7. cxd6 Bxd6 8. Ng3 e5 9. dxe5 Bxe5 10. Qc2 c5 11. Bd3 Nc6 12. a3 Be6 13. 0-0 c4 14. Bf5 Qc8 15. Bd2 Bxg3 16. Bxe6 Bxh2+ 17. Kxh2 Qxe6 18. f3 Ne5 19. e4 Rfd8 20. Bf4 Ng6 21. Be3 Rd3 22. Rae1 Rad8 23. Qf2 Ne5 24. Kg1 Nh5 25. Nd5 Nf6 26. Bg5 Nxd5 27. exd5 R8xd5 28. f4 Qg6 29. Rxe5 Rxe5 30. fxe5 1-0

[Event "Titled Tuesday intern op 03rd Oct Late"]
[Site "Chess.com INT"]
[Date "2023.10.03"]
[Round "8"]
[White "Forgacs, Attila Jr"]
[Black "Jaracz, Pawel"]
[Result "0-1"]
[WhiteElo "2265"]
[BlackElo "2472"]
[PlyCount "46"]
[EventDate "2023.10.03"]
[EventType "swiss (blitz)"]
[EventRounds "11"]
[EventCountry "USA"]
[SourceTitle "EXT 2025"]
[Source "ChessBase"]
[SourceDate "2024.10.14"]
[SourceVersion "1"]
[SourceVersionDate "2024.10.14"]
[SourceQuality "1"]

1. e4 c5 2. Nf3 e6 3. d4 cxd4 4. Nxd4 a6 5. c4 Nf6 6. Nc3 Bd6 7. Be3 Bc7 8. f3 b6 9. Be2 Bb7 10. 0-0 0-0 11. Qd2 d6 12. Rfd1 Nbd7 13. Rac1 Qe7 14. b4 Rac8 15. Nb3 Rfe8 16. a3 d5 17. cxd5 exd5 18. Bg5 dxe4 19. fxe4 Qe5 20. g3 Nxe4 21. Nxe4 Qxe4 22. Bc4 Qh1+ 23. Kf2 Qg2# 0-1

[Event "Titled Tuesday intern op 03rd Oct Late"]
[Site "Chess.com INT"]
[Date "2023.10.03"]
[Round "2"]
[White "Jaracz, Pawel"]
[Black "Rodriguez Fontecha, Marcos"]
[Result "0-1"]
[WhiteElo "2472"]
[BlackElo "2289"]
[PlyCount "82"]
[EventDate "2023.10.03"]
[EventType "swiss (blitz)"]
[EventRounds "11"]
[EventCountry "USA"]
[SourceTitle "EXT 2025"]
[Source "ChessBase"]
[SourceDate "2024.10.14"]
[SourceVersion "1"]
[SourceVersionDate "2024.10.14"]
[SourceQuality "1"]

1. d4 d5 2. c4 Nc6 3. Nf3 e5 4. dxe5 Bb4+ 5. Bd2 dxc4 6. Nc3 Nge7 7. e3 Be6 8. a3 Ba5 9. Ne4 0-0 10. Bxa5 Nxa5 11. Qxd8 Rfxd8 12. Nc5 Bd5 13. Be2 b6 14. Na6 Rac8 15. Rd1 c5 16. 0-0 Re8 17. e4 Bb7 18. Rd7 Bxa6 19. Rxa7 Ra8 20. Rd7 c3 21. Bxa6 Rxa6 22. b4 Nb3 23. Rd3 cxb4 24. axb4 Rc8 25. g3 h6 26. e6 c2 27. Rxb3 c1Q 28. Rxc1 Rxc1+ 29. Kg2 fxe6 30. Nd4 e5 31. Nf3 Nc6 32. b5 Na5 33. Rd3 Ra8 34. Nxe5 Re8 35. f4 Rc5 36. Rd6 Rxb5 37. Ng6 Nc4 38. Rd7 Rb2+ 39. Kf3 Rd2 40. Rc7 b5 41. e5 Rc2 0-1